00742nam a2200229Ia 4500003000900000008004100009020001600050040001600066080001700082100002100099245005800120260003500178300001400213490004200227650004100269650002400310650002900334700002700363942000700390999001500397952010000412IN-BaIIA211028s9999 xx 000 0 eng d a412-10730-9 cIIA Library a523.945bBRA aBray, R. J94213 4aThe solar chromospherecR. J. Bray andR. E. Loughhead aLondonbChapman and Hallc1974 aix, 384p. aThe international astrophysics series aAstronomy and astrophysics thesaurus aCoronal loops95178 aSolar chromosphere93973 aLoguhhead, R. E.97705 cBK c4407d4407 00104070aBANbBANcGENd1974-04-29l0o523.945/ BRAp4919r2021-11-05w1974-04-29yBK 33.74